| 000 | 01160na a2200361 4500 | ||
|---|---|---|---|
| 001 | 12607 | ||
| 003 | MIRAKIL | ||
| 005 | 20181213154848.0 | ||
| 008 | 160824b tu 000 0 | ||
| 020 | _a9786053993490 | ||
| 035 | _a12607 | ||
| 040 |
_aMilas _btur _cTR-AnCHP |
||
| 082 |
_a306.3 _bS45n 2014 |
||
| 090 | _a306.3 S45n 2014 | ||
| 100 | _aSkidelsky, Edward | ||
| 245 |
_aNe kadarı yeterli ? _bPara sevgisi ve iyi yaşam mücadelesi _cEdward Skidelsky, Robert Skidelsky; çeviren Levent Konyar. |
||
| 246 | _aPara sevgisi ve iyi yaşam mücadelesi | ||
| 260 |
_aİstanbul _bİstanbul Üniversitesi Yayınları _c2014 |
||
| 300 |
_a230 s. _c23 sm. |
||
| 490 |
_aEkonomi _v18 |
||
| 490 |
_aİstanbul Bilgi Üniversitesi yayınları _v479 |
||
| 500 | _aÖzgün yapıt adı: How much is enough? : money and the good life | ||
| 504 | _aKaynakça ve dizin var. | ||
| 650 | _aSadelik (Felsefe) | ||
| 650 | _aDeğerler | ||
| 650 | _aYaşam biçimi | ||
| 650 | _aServet (Sosyoloji) | ||
| 650 | _aTüketim (Sosyoloji) | ||
| 650 |
_aİktisat _xSosyoloji |
||
| 700 | _aKonyar, Levent | ||
| 700 | _aSkidelsky, Robert | ||
| 942 |
_2ddc _cBKS |
||
| 999 |
_c2169 _d2169 |
||